000 00447pab a2200157 454500
008 180718b2003 xxu||||| |||| 00| 0 eng d
100 _aBarnes, Andrew
245 _aWhat do we know now? postcommunity economic reform through a Russian lens ( a review article)
260 _c2003
300 _ap.477-97.
362 _aJul
650 _aEconomic reform - Russia
650 _aEconomic reform
773 _aComparative Politics
909 _a57806
999 _c57806
_d57806